000
00296nam a22001337a 4500
003
SGT
020
_a
978-93-92787-46-1
082
_a
362.10
_b
RAW
100
_a
RAWAL, MR. KUNAL
245
_a
RECENT TRENDS IN HEALTHCARE
260
_a
INDIA
_b
S.S. PUB.
_c
2022
300
_a
91
942
_2
ddc
_c
BK
999
_c
24577
_d
24577